Datum a čas kvízu
25.5
Celkem bodů
Celkový počet nahraných bodů na tomto kvízu bez doplňovacích otázek.
9.
Pořadí na kvízu
Konečné umístění týmu na tomto kvízu.
Zaznamenané odpovědi
| # | Otázka | Odpověď | Body | Výsledky |
|---|---|---|---|---|
| 1. | Senát nominoval rekordních 125... | Jan Kubiš, Adolf Opálka | 0.5 | |
| 2. | Předsednictví v Radě Evropské... | Maďarsko | 0 | |
| 3. | Jak se jmenuje či jak si říká... | Martin Mikyska / Mikýř | 1 | |
| 4. | Americký výrobce čipů prezentu... | Nvidia | 1 | |
| 5. | Napište jména dvou českých rep... | Roman Červenka, Lukáš Dostál | 0.5 | |
| 11. | Jak se nazývá specializované o... | A | 1 | |
| 12. | Jak se jmenuje ovoce na obrázk... | papája | 1 | |
| 13. | Nyní nás bude zajímat ovoce zv... | C | 0 | |
| 14. | Vypište z následující řady dva... | kiwano, goji | 0 | |
| 15. | Níže jsou názvy tří odrůd jabl... | C | 1 |